Taylor Swift - Devine les chansons par leurs 1ère phrases #10 - Statistiques

Statistiques générales
  • Ce quiz a été pris 147 fois
  • Le résultat moyen est 6 sur 15
Statistiques - réponses
Hint Réponse % Correct
Friends break up, friends get married Right Where You Left Me
81%
Did you really beam me up? Down Bad
61%
See you in the dark So It Goes
58%
Once upon a time, the planets and the fates Mastermind
57%
By all accounts, she almost drowned The Bolter
56%
It's 2 A.M. in your car I Wish You Would
49%
How many days did I spend thinkin' 'bout how you did me wrong, wrong, wrong? I Forgot That You Existed
47%
She said, I was seven and you were nine Mary’s Song
39%
Just breathe, just relax, it'll be okay Electric Touch
26%
I was reminiscing just the other day Holy Ground
25%
What did you think I'd say to that? mad woman
24%
*** You were the prince, I used to be a damsel in destress Today Was a Fairytale
22%
Say you're sorry, that face of an angel White Horse
22%
You said it in a simple way Come Back… Be Here
17%
I'd never gone with the wind, just let it flow Crazier
15%
Aucun quiz correspondant
Distribution des résultats
% des personnes avec chaque résultat
Percentile par nombre de réponses
Votre historique - résultats
Vous n’avez pas pris ce quiz